50 plus grandes iles du monde - Statistiques

Statistiques générales
  • Ce quiz a été pris 43 fois
  • Le résultat moyen est 19 sur 50
Statistiques - réponses
Hint Réponse % Correct
(Pays) Australie
98%
Danemark Groenland
85%
(Pays) Madagascar
83%
Royaume-Uni Grande-Bretagne
73%
Irlande / Royaume-Uni Irlande
73%
Indonésie Java
71%
Indonésie / Malaisie / Brunei Bornéo
68%
Italie Sardaigne
68%
Italie Sicile
68%
Australie Tasmanie
68%
(Pays) Cuba
66%
Japon Hokkaido
63%
Japon Honshu
63%
(Pays) Islande
63%
République Dominicaine / Haïti Hispaniola
61%
Indonésie Sumatra
61%
(Pays) Sri Lanka
56%
(Pays) Taiwan
56%
Nouvelle Zélande Ile du Nord
46%
Nouvelle Zélande Ile du Sud
46%
Japon Kyushu
46%
Indonésie / Papouasie Nouvelle Guinée Nouvelle Guinée
46%
Indonésie Célèbes / Sulawesi
41%
Philippines Luçon
39%
Russie Sakhaline
39%
Argentine / Chili Terre de Feu
39%
Canada Terre-Neuve
39%
Timor Oriental / Indonésie Timor
39%
Norvège Spitzberg / Svalbard
29%
Chine Hainan
24%
Canada Ile de Baffin
24%
Russie Ile Ioujny / Nouvelle Zemble
24%
Russie Ile Severny / Nouvelle-Zemble
24%
Philippines Mindanao
22%
Canada Ile Victoria
20%
Canada Ile d'Ellesmere
17%
Canada Ile de Vancouver
15%
Canada Ile Banks
12%
Papouasie Nouvelle Guinée Nouvelle-Bretagne
12%
Canada Ile Devon
10%
Brésil Marajo
7%
Canada Ile du Prince de Galles
2%
Russie Ile Kotelny
2%
Canada Ile Melville
2%
Canada Ile Somerset
2%
Canada Ile Southampton
2%
Antarctique Ile Alexandre 1er
0%
Canada Ile Axel Heidberg
0%
Antarctique Ile Berkner / Ile Hubley
0%
Brésil Ile de Bananal
0%
Aucun quiz correspondant
Distribution des résultats
% des personnes avec chaque résultat
Percentile par nombre de réponses
Votre historique - résultats
Vous n’avez pas pris ce quiz